000 00504nam a22001817a 4500
003 NUST - PNEC
005 20170116180817.0
008 150529b xxu||||| |||| 00| 0 eng d
020 _a-
040 _cLIBRARY
082 _a303.673 QUY
100 _93716
_aQuyum, Sheikh Mohammad
245 _aAmerica me deshat gardi aur Afghanistan
_cSheikh Mohammad Quyum
260 _aLahore:
_bG.F. H. Publishers,
_cc2001.
300 _a226 p. :
_c22 cm.
650 _93717
_aTerrorism
_xGeneral
942 _2ddc
_cBK
999 _c63547
_d63547